[Event "San Sebastian op 41st"]
[Site "San Sebastian"]
[Date "2018.03.26"]
[Round "4"]
[White "Prieto Aranguren, Alain"]
[Black "Sanchez Ruesga, Carlos"]
[Result "1-0"]
[WhiteElo "2261"]
[BlackElo "1925"]
[PlyCount "57"]
[EventDate "2018.03.24"]
[EventType "swiss"]
[EventRounds "9"]
[EventCountry "ESP"]
[SourceTitle "CBM 183 Extra"]
[Source "ChessBase"]
[SourceDate "2018.04.19"]
[SourceVersion "1"]
[SourceVersionDate "2018.04.19"]
[SourceQuality "1"]

1. d4 Nf6 2. c4 c5 3. d5 b5 4. cxb5 a6 5. bxa6 g6 6. Nc3 Bg7 7. e4 0-0 8. Nf3 Qa5 9. Bd2 Bxa6 10. Be2 Qb4 11. e5 Ne4 12. a3 Nxc3 13. Bxc3 Qe4 14. h4 h6 15. Nd2 Qxe2+ 16. Qxe2 Bxe2 17. Kxe2 Ra4 18. b3 Ra6 19. Nc4 d6 20. f4 Nd7 21. Kd2 Nb6 22. Nxb6 Rxb6 23. Kc2 g5 24. hxg5 hxg5 25. g3 Rc8 26. a4 dxe5 27. fxe5 Rcb8 28. Ra3 Rd8 29. Ba5 1-0

[Event "Gipuzkoa-ch Primera"]
[Site "Bergara"]
[Date "2016.11.26"]
[Round "7"]
[White "Olaizola Ortega, Luis"]
[Black "Sanchez Ruesga, Carlos"]
[Result "1/2-1/2"]
[WhiteElo "2136"]
[BlackElo "1922"]
[PlyCount "62"]
[EventDate "2016.10.15"]
[EventType "swiss"]
[EventRounds "7"]
[EventCountry "ESP"]
[SourceTitle "EXT 2024"]
[Source "ChessBase"]
[SourceDate "2023.10.10"]
[SourceVersion "1"]
[SourceVersionDate "2023.10.10"]
[SourceQuality "1"]

1. Nf3 d5 2. d4 c6 3. c4 Nf6 4. Nc3 g6 5. g3 Bg7 6. Bg2 0-0 7. cxd5 cxd5 8. Ne5 e6 9. 0-0 Nfd7 10. f4 Nc6 11. Be3 Nb6 12. b3 Ne7 13. Bf2 Bd7 14. Qd2 Rc8 15. Rac1 Bc6 16. Rc2 Qd6 17. Rfc1 Nd7 18. h3 f6 19. Nd3 Kh8 20. g4 e5 21. fxe5 fxe5 22. Bg3 Qe6 23. dxe5 d4 24. Ne4 Nxe5 25. Nxe5 Bxe5 26. Bxe5+ Qxe5 27. Rc5 Bd5 28. Ng3 Rxc5 29. Rxc5 Rf1+ 30. Kxf1 Bxg2+ 31. Kxg2 Qxc5 1/2-1/2

[Event "San Sebastian op 38th"]
[Site "San Sebastian"]
[Date "2015.03.28"]
[Round "1"]
[White "Chabanon, Jean Luc"]
[Black "Sanchez Ruesga, Carlos"]
[Result "1-0"]
[WhiteElo "2491"]
[BlackElo "1842"]
[PlyCount "61"]
[EventDate "2015.03.28"]
[EventType "swiss"]
[EventRounds "9"]
[EventCountry "ESP"]
[SourceTitle "CBM 165 Extra"]
[Source "ChessBase"]
[SourceDate "2015.04.21"]
[SourceVersion "1"]
[SourceVersionDate "2015.04.21"]
[SourceQuality "1"]

1. d4 f5 2. c4 Nf6 3. Nf3 g6 4. g3 Bg7 5. Bg2 0-0 6. 0-0 d6 7. Nc3 Qe8 8. d5 c5 9. Re1 Na6 10. e4 fxe4 11. Ng5 Bf5 12. h3 Qd7 13. g4 Nxg4 14. hxg4 Bxg4 15. Qd2 Bf3 16. Ne6 Bxg2 17. Kxg2 Nc7 18. Rxe4 Nxe6 19. dxe6 Qc6 20. Nd5 Rae8 21. Qd3 Rf5 22. a4 b6 23. Be3 Bxb2 24. Rh1 Bf6 25. Rg4 Bg7 26. Qe4 Qxa4 27. Bh6 Qa2 28. Qxf5 gxf5 29. Rxg7+ Kh8 30. Nxe7 Qxc4 31. Rxh7+ 1-0

[Event "Gipuzkoako Banakako Txapelketa U14"]
[Site "Tolosa"]
[Date "2012.11.11"]
[Round "4.2"]
[White "Gonzalez Larraz, Raul"]
[Black "Sanchez Ruesga, Carlos"]
[Result "0-1"]
[WhiteElo "1659"]
[BlackElo "1783"]
[PlyCount "54"]
[EventDate "2012.10.21"]
[EventType "swiss"]
[EventRounds "5"]
[EventCountry "ESP"]
[SourceTitle "EXT 2024"]
[Source "ChessBase"]
[SourceDate "2023.10.10"]
[SourceVersion "1"]
[SourceVersionDate "2023.10.10"]
[SourceQuality "1"]

1. e4 c5 2. Nf3 Nc6 3. d4 cxd4 4. Nxd4 Qb6 5. Nxc6 bxc6 6. Nc3 e5 7. Bd3 Nf6 8. 0-0 Be7 9. Rb1 0-0 10. Be3 Qc7 11. f4 d6 12. h3 Ne8 13. Qf3 f5 14. fxe5 f4 15. exd6 Bxd6 16. Bd4 Be5 17. Bxe5 Qxe5 18. Bc4+ Kh8 19. Bd3 Rb8 20. Qe3 Rb7 21. Ne2 Rbf7 22. Qd4 Qg5 23. Rf3 Bxh3 24. Rxh3 f3 25. Rg3 Qh4 26. e5 f2+ 27. Kf1 Qh1+ 0-1

[Event "Gipuzkoako Banakako Txapelketa U14"]
[Site "Tolosa"]
[Date "2012.11.04"]
[Round "3.1"]
[White "Sanchez Ruesga, Carlos"]
[Black "Abalia Patino, Aritz"]
[Result "1/2-1/2"]
[WhiteElo "1783"]
[BlackElo "1798"]
[PlyCount "42"]
[EventDate "2012.10.21"]
[EventType "swiss"]
[EventRounds "5"]
[EventCountry "ESP"]
[SourceTitle "EXT 2024"]
[Source "ChessBase"]
[SourceDate "2023.10.10"]
[SourceVersion "1"]
[SourceVersionDate "2023.10.10"]
[SourceQuality "1"]

1. d4 e6 2. e4 d5 3. exd5 exd5 4. Bd3 Bd6 5. h3 c6 6. Nf3 Nf6 7. 0-0 0-0 8. Bg5 Be6 9. Re1 Nbd7 10. c3 h6 11. Bxf6 Qxf6 12. Nbd2 Rfe8 13. Qc2 a5 14. a4 Bf4 15. b3 Bxd2 16. Nxd2 Nb6 17. Qd1 Bf5 18. Qf3 Bxd3 19. Qxd3 Re6 20. Re3 Rae8 21. Rae1 Qe7 1/2-1/2

[Event "San Sebastian Primavera de Gros op 8th"]
[Site "San Sebastian"]
[Date "2012.06.02"]
[Round "7"]
[White "Fernandez Zubitur, Jokin"]
[Black "Sanchez Ruesga, Carlos"]
[Result "0-1"]
[WhiteElo "1927"]
[BlackElo "1436"]
[PlyCount "100"]
[EventDate "2012.04.21"]
[EventType "swiss"]
[EventRounds "7"]
[EventCountry "ESP"]
[SourceTitle "EXT 2014"]
[Source "ChessBase"]
[SourceDate "2013.11.20"]
[SourceVersion "1"]
[SourceVersionDate "2013.11.20"]
[SourceQuality "1"]

1. e4 c5 2. Nc3 Nc6 3. g3 Nf6 4. Bg2 e6 5. d3 Be7 6. f4 d6 7. Nf3 Rb8 8. 0-0 Bd7 9. h3 h5 10. e5 Nd5 11. Nxd5 exd5 12. Re1 dxe5 13. Nxe5 Be6 14. Ng6 fxg6 15. Rxe6 Kf7 16. Re1 Re8 17. f5 Qd7 18. fxg6+ Kxg6 19. c4 Bf6 20. Rxe8 Rxe8 21. cxd5 Nb4 22. Be4+ Rxe4 23. dxe4 Qxh3 24. Qf3 Bd4+ 25. Be3 Bxe3+ 26. Qxe3 Nc2 27. Qd3 Nxa1 28. d6 c4 29. Qc3 Qg4 30. e5 b5 31. Kf2 Kf7 32. Qe3 Qf5+ 33. Kg2 Qc2+ 34. Kh3 Qf5+ 35. Kg2 Ke6 36. Qxa7 Qe4+ 37. Kh2 Qe2+ 38. Kh3 Qf1+ 39. Kh4 Qf7 40. Qxf7+ Kxf7 41. Kxh5 b4 42. d7 Ke7 43. Kg6 Nc2 44. d8Q+ Kxd8 45. Kf5 Ke7 46. Ke4 Ke6 47. g4 g5 48. a4 bxa3 49. bxa3 Nxa3 50. Kd4 c3 0-1

[Event "San Sebastian Primavera de Gros op 8th"]
[Site "San Sebastian"]
[Date "2012.05.26"]
[Round "6"]
[White "Sanchez Ruesga, Carlos"]
[Black "Rodriguez Cabrera, Francisco Javier"]
[Result "1/2-1/2"]
[WhiteElo "1436"]
[BlackElo "1970"]
[PlyCount "60"]
[EventDate "2012.04.21"]
[EventType "swiss"]
[EventRounds "7"]
[EventCountry "ESP"]
[SourceTitle "EXT 2014"]
[Source "ChessBase"]
[SourceDate "2013.11.20"]
[SourceVersion "1"]
[SourceVersionDate "2013.11.20"]
[SourceQuality "1"]

1. d4 Nf6 2. Nf3 g6 3. e3 Bg7 4. Be2 0-0 5. 0-0 b6 6. c4 Bb7 7. Nc3 d5 8. cxd5 Nxd5 9. Nxd5 Bxd5 10. Qc2 Nd7 11. Rd1 Nf6 12. b3 Ne4 13. Bb2 Rc8 14. Ba6 Rb8 15. Rac1 c6 16. Bc4 e6 17. Bxd5 cxd5 18. Nd2 Rc8 19. Qxc8 Qxc8 20. Rxc8 Rxc8 21. Nxe4 dxe4 22. Rc1 Rxc1+ 23. Bxc1 Kf8 24. f3 exf3 25. gxf3 Ke7 26. Kf2 b5 27. Ba3+ Kd7 28. Ke2 a5 29. Bc5 Kc6 30. Kd3 f5 1/2-1/2

[Event "Gipuzkoako Banakako Txapelketa"]
[Site "Tolosa"]
[Date "2011.10.30"]
[Round "3.3"]
[White "Gonzalez Larraz, Raul"]
[Black "Sanchez Ruesga, Carlos"]
[Result "0-1"]
[WhiteElo "1659"]
[BlackElo "1603"]
[PlyCount "88"]
[EventDate "2011.10.16"]
[EventType "swiss"]
[EventRounds "5"]
[EventCountry "ESP"]
[SourceTitle "EXT 2024"]
[Source "ChessBase"]
[SourceDate "2023.10.10"]
[SourceVersion "1"]
[SourceVersionDate "2023.10.10"]
[SourceQuality "1"]

1. e4 e5 2. Nf3 Nc6 3. Bc4 Bc5 4. c3 Nf6 5. d4 exd4 6. cxd4 Bb4+ 7. Bd2 Nxe4 8. Bxb4 Nxb4 9. Bxf7+ Kxf7 10. Qb3+ d5 11. Qxb4 a5 12. Qb3 Re8 13. 0-0 a4 14. Qb4 Qd6 15. Qxd6 cxd6 16. Nc3 Nxc3 17. bxc3 Bg4 18. Rab1 Bxf3 19. Rxb7+ Re7 20. Rxe7+ Kxe7 21. gxf3 Rb8 22. Re1+ Kd7 23. Re2 Rb1+ 24. Kg2 Rc1 25. Rb2 Rxc3 26. Rb7+ Rc7 27. Rxc7+ Kxc7 28. Kf1 Kb6 29. Ke2 Kb5 30. Kd3 Kb4 31. Kc2 Kc4 32. a3 Kxd4 33. h4 g6 34. Kd2 Kc4 35. Kc2 d4 36. f4 d5 37. h5 d3+ 38. Kd2 Kb3 39. Kxd3 Kxa3 40. Kc3 Ka2 41. Kc2 a3 42. f3 d4 43. f5 gxf5 44. f4 d3+ 0-1